000 00372nam a2200145Ia 4500
008 230917s9999||||xx |||||||||||||| ||und||
040 _e151327
_aMAIN
041 _aEnglish
082 _aB N315G:J
100 _aGurudutt
245 0 _aJawaharlal Nehru: Ek vivechantamak vrit
260 _aNew Delhi
_bBharatiya Sahitya Bhawan
_c[n.d.]
300 _a412 p.
942 _cBK
999 _c204372
_d204372